000 00467nam a22001457a 4500
082 _aBEE-2 SUL
100 _aSultan Abdul Rafhe
_993538
245 _aAudio controlled electrical automation system
260 _aIslamabad
_bNUST-SEECS
_c2014
300 _a53
_b25cm
_eCD ROM
500 _aSupervisors:Dr. Usman Younas, Dr. Ahmad Salman
700 _aAsad Nadeem, Majid Mushtaq
_993539
856 _uhttp://10.250.8.41:8080/xmlui/handle/123456789/9256
942 _cPR
_2ddc
999 _c13019
_d13019